Focus special (Record no. 76088)
[ view plain ]
| 000 -LEADER | |
|---|---|
| fixed length control field | 01173cab a2200253 4500 |
| 001 - CONTROL NUMBER | |
| control field | ##L131455 |
| 008 - FIXED-LENGTH DATA ELEMENTS--GENERAL INFORMATION | |
| fixed length control field | 051104n2005 000 0 eng u |
| 035 ## - SYSTEM CONTROL NUMBER | |
| System control number | (Sirsi) u131455 |
| 041 0# - LANGUAGE CODE | |
| Language code of text/sound track or separate title | eng |
| 100 1# - MAIN ENTRY--PERSONAL NAME | |
| Personal name | Elghamry, Nadia |
| 245 00 - TITLE STATEMENT | |
| Title | Focus special |
| Remainder of title | leisure |
| 260 3# - PUBLICATION, DISTRIBUTION, ETC. | |
| Date of publication, distribution, etc. | 2005 |
| 490 #0 - SERIES STATEMENT | |
| Series statement | Estates Gazette |
| Volume/sequential designation | (543) 29 October 2005, 143-167(18) |
| 520 ## - SUMMARY, ETC. | |
| Summary, etc. | Covers aspects of the European leisure property market: Starwood Capital Europe's eye on the European hotel market; smoking bans may not hit the licensed trade's business as badly as predicted; Wagamama's quest to dive deeper into the European restaurant market; more European restaurants are making the transition to the UK; leisure parks are on the comeback trail; frenzied activity in the hotel industry, and profitable UK pub/restaurant deals but the European pub/restaurant market is a no-go zone for investors. |
| 590 ## - LOCAL NOTE (RLIN) | |
| Local note | IKA081105 |
| 690 ## - LOCAL SUBJECT ADDED ENTRY--TOPICAL TERM (OCLC, RLIN) | |
| Topical term or geographic name as entry element | PROPERTY-COMMERCIAL PROPERTY-LEISURE PROPERTY |
| 700 1# - ADDED ENTRY--PERSONAL NAME | |
| Personal name | McClary, Samantha |
| 700 1# - ADDED ENTRY--PERSONAL NAME | |
| Personal name | Kivlehan, Noella Pio |
| 700 1# - ADDED ENTRY--PERSONAL NAME | |
| Personal name | Quinn, David |
| 700 1# - ADDED ENTRY--PERSONAL NAME | |
| Personal name | Norman, Paul |
| 700 1# - ADDED ENTRY--PERSONAL NAME | |
| Personal name | Scott, Lucy |
| 700 1# - ADDED ENTRY--PERSONAL NAME | |
| Personal name | Cunningham, Daniel |
| 942 ## - ADDED ENTRY ELEMENTS (KOHA) | |
| Suppress in OPAC | 0 |
| Withdrawn status | Lost status | Source of classification or shelving scheme | Damaged status | Not for loan | Home library | Current library | Shelving location | Date acquired | Total Checkouts | Full call number | Barcode | Date last seen | Copy number | Price effective from | Koha item type |
|---|---|---|---|---|---|---|---|---|---|---|---|---|---|---|---|
| Dewey Decimal Classification | London | London | Journal article | 04/11/2005 | L131455 | 131455-1001 | 06/08/2019 | 1 | 06/08/2019 | Journal article |